Mort subite Ils vont par 3 - Statistiques

Statistiques générales
  • Ce quiz a été pris 268 fois
  • Le résultat moyen est 4 sur 23
Answers on the Grid
Answers color-coded by a green-red scale on the quiz's grid according to % correct below.
Les policiers en patrouille à pied en ville
Les membres des triumvirat à Rome
Les hyènes du Roi Lion
Les Drôles de dames
Les fils ayant régné de Philippe Auguste
Les frères de Louis XVI ayant régné
Les fils de Henri II et Catherine de Médicis
Les fils illégitimes de Louis XIV
Les filles légitimes de Louis XIV
Les évêchés lorrains
Les papes en 1978
Les papes en 1605
Les papes en 1000
Les consuls en France en 1799
Les signes de feu du zodiaque
Les signes de terre du zodiaque
Les âges de la vie
Les étapes du deuil
Les ordres de l'ancien régime
Les pays dont le nom contient le mot "Guinée"
Les formes de la matière
Les règnes de la nature
Les couleurs primaires
Les mousquetaires à la fin des Trois mousquetaires
Les Rois mages
Les îles anglo-normandes
Les états baltes
Les états formés après l'éclatement de la Yougoslavie
Les éditions des Jeux Olympiques qui se sont déroulées en France
Les membres des Inconnus
Les maréchaux de Napoléon 1er
Les pays du Bénélux
Les Dalton
Les gones, héros de romans pour la jeunesse de P-J Bonzon
Les pays formant le Royaume-Uni
Les chatons dans les Aristochats
Les pays dont le nom commence par Z
Les lunes de Mars
Les Curiaces
Les départements dont le nom commence par un O
 
Statistiques - réponses
Réponse % Correct
Les Rois mages
49%
Les couleurs primaires
48%
Les membres des Inconnus
37%
Les pays du Bénélux
34%
Les Drôles de dames
28%
Les hyènes du Roi Lion
28%
Les chatons dans les Aristochats
27%
Les états baltes
27%
Les signes de feu du zodiaque
24%
Les signes de terre du zodiaque
24%
Les formes de la matière
22%
Les ordres de l'ancien régime
22%
Les âges de la vie
19%
Les membres des triumvirat à Rome
16%
Les papes en 1605
7%
Les policiers en patrouille à pied en ville
7%
Les règnes de la nature
7%
Les papes en 1978
6%
Les consuls en France en 1799
5%
Les filles légitimes de Louis XIV
4%
Les fils ayant régné de Philippe Auguste
3%
Les Curiaces
1%
Les évêchés lorrains
1%
Aucun quiz correspondant
Distribution des résultats
% des personnes avec chaque résultat
Percentile par nombre de réponses
Votre historique - résultats
Vous n’avez pas pris ce quiz